000 00319nam a22001457a 4500
008 221003b ||||| |||| 00| 0 eng d
020 _a9780323187114
041 _aeng
080 _2Third
_a610.73
082 _aINF
100 _a6.1
101 _aINF
245 _aNurse Math Meds
_cMULHOLLAND J
942 _2udc
_cBK
999 _c58324
_d58324